00699nam a2200229Ia 4500003000900000008004100009040001300050040001300063041000800076100002000084245006700104250001600171260001200187260000900199300001100208300001200219490001500231490000700246942000700253999001700260952019200277IT-RoPAU120407s9999 xx 000 0 und d aIT-RoPAU cIT-RoPAU aita aJacques Dalarum a"1 La prova del fuoco. Vita e scandalo di un prete medievale" aRoma - Bari aLaterza c1989 a178 p. c21,1 cm aQuadrante  v22 cBK c27342d27342 00102ddc406922_00000000000000071aPAULUSbPAULUSd2012-04-11l0o922.0r2012-04-11 00:00:00w2012-04-11yBKzInserito da: Mario In data: 06 agosto 2011 fondo: Via A.Severo 56 Progr:11